000
00282nam a2200121Ia 4500
008
191201s2007 xx 000 0 und d
100
_a
PANDA, Tapan K
245
0
_a
Marketing Management
260
_a
N. Delhi
_b
Excel Books
_c
2007
300
_a
757
650
_a
BBA
942
_2
ddc
_c
BK
999
_c
6567
_d
6567